Tengelyi László: Élettörténet és sorsesemény recenzió
Elmentve itt :
| Szerző: | |
|---|---|
| Adatforrás: | Philobibl |
| Forrásdokumentuma: | Élet és Irodalom 43.1999:25. 13. p. |
| Dokumentumtípus: | Cikk |
| Nyelv: | magyar |
| Kulcsszavak: | fenomenológia erkölcsfilozófia hermeneutika |
| Megjelent: |
1999
|
| LEADER | 00429nab a2200145 c 4500 | ||
|---|---|---|---|
| 001 | bibPHI0031332 | ||
| 005 | 20200924122835.2 | ||
| 008 | 071204s1999 hu hun | ||
| 100 | 1 | |a Heller Ágnes | |
| 245 | 1 | 0 | |a Tengelyi László: Élettörténet és sorsesemény |b recenzió |c Heller Ágnes |
| 260 | |c 1999 | ||
| 695 | |a fenomenológia | ||
| 695 | |a erkölcsfilozófia | ||
| 695 | |a hermeneutika | ||
| 773 | 0 | |t Élet és Irodalom |g 43.1999:25. 13. p. | |